Catalog

Record Details

Catalog Search



Knock, knock! who's there?  Cover Image Book Book

Knock, knock! who's there? / by Tad Hills.

Hills, Tad. (Author).

Record details

  • ISBN: 0689834136
  • Physical Description: 1 v. (unpaged) : color illustrations ; 19 cm.
  • Publisher: New York : Little Simon/S&S, 2000
Subject: Toy and movable books.

LDR 00611cam a2200181 a 4500
001126934
003CONS
00520140703073303.0
008 s2000 nyua j 000 1 eng u
020 . ‡a0689834136
035 . ‡a(CPomAG)LMN494822
1001 . ‡aHills, Tad.
24510. ‡aKnock, knock! who's there? / ‡cby Tad Hills.
260 . ‡aNew York : ‡bLittle Simon/S&S, ‡c2000
300 . ‡a1 v. (unpaged) : ‡bcolor illustrations ; ‡c19 cm.
650 1. ‡aToy and movable books.
959 . ‡i32269000694672 ‡lE Hil ‡aJuvenile - Easy ‡tEasy ‡g8.00
852 . ‡p32269000694672 ‡jE Hil ‡gJuvenile - Easy ‡cEasy ‡y8.00 ‡bSBPL
901 . ‡a126934 ‡bUnknown ‡c126934 ‡tbiblio

Additional Resources